[Event "AUT-chT2S 9394"]
[Site "Austria"]
[Date "1994.??.??"]
[Round "?"]
[White "Baumegger, Siegfried"]
[Black "Novacan, Marko"]
[Result "1/2-1/2"]
[WhiteElo "2280"]
[BlackElo "2210"]
[PlyCount "65"]
[EventDate "1993.??.??"]
[EventType "team"]
[EventRounds "11"]
[EventCountry "AUT"]
[SourceTitle "EXT 1998"]
[Source "ChessBase"]
[SourceDate "1997.11.17"]
[SourceVersion "1"]
[SourceVersionDate "1997.11.17"]
[SourceQuality "1"]

1. e4 d6 2. d4 Nf6 3. Nc3 Nbd7 4. Bc4 e5 5. Nf3 Be7 6. 0-0 0-0 7. h3 c6 8. a4 a5 9. Be3 h6 10. Qd3 Qc7 11. Ba2 exd4 12. Bxd4 Ne5 13. Nxe5 dxe5 14. Qg3 Bd6 15. Be3 Nh5 16. Qf3 Nf4 17. Ne2 Nxe2+ 18. Qxe2 Qe7 19. Rfd1 Bc5 20. Rd3 Bxe3 21. Qxe3 Kh8 22. Rad1 f5 23. Rd6 Kh7 24. Qc5 Re8 25. Qc4 Rb8 26. Qf7 fxe4 27. Qg6+ Kh8 28. Qh5 Kh7 29. Qg6+ Kh8 30. Qh5 Kh7 31. Bf7 Rg8 32. Qg6+ Kh8 33. Bxg8 1/2-1/2

[Event "AUT-chT2S 9394"]
[Site "Austria"]
[Date "1994.??.??"]
[Round "?"]
[White "Boronyak, Arpad"]
[Black "Novacan, Marko"]
[Result "1/2-1/2"]
[WhiteElo "2295"]
[BlackElo "2320"]
[PlyCount "82"]
[EventDate "1993.??.??"]
[EventType "team"]
[EventRounds "11"]
[EventCountry "AUT"]
[SourceTitle "EXT 1998"]
[Source "ChessBase"]
[SourceDate "1997.11.17"]
[SourceVersion "1"]
[SourceVersionDate "1997.11.17"]
[SourceQuality "1"]

1. e4 c5 2. Nc3 Nc6 3. f4 g6 4. Nf3 Bg7 5. Bc4 e6 6. 0-0 Nge7 7. Qe1 Na5 8. Be2 0-0 9. d3 d6 10. Bd2 Nac6 11. Nd1 e5 12. Qh4 exf4 13. Bxf4 d5 14. Bh6 dxe4 15. dxe4 Nf5 16. Qxd8 Rxd8 17. Bxg7 Nxg7 18. Ne3 Be6 19. Ng5 Ne5 20. Rad1 h6 21. Nxe6 Nxe6 22. Rd5 Rxd5 23. exd5 Nd4 24. Bd1 Nb5 25. Re1 Nd6 26. Bf3 Re8 27. Kf1 Kg7 28. b3 f5 29. Kf2 Kf6 30. Rd1 Re7 31. h3 g5 32. g3 Kg6 33. Bg2 Rf7 34. Nf1 f4 35. Re1 Kf6 36. gxf4 gxf4 37. Nd2 b6 38. Bf3 Rg7 39. Bg4 Rg8 40. Nf3 Re8 41. Be6 Ng6 1/2-1/2

[Event "SLO-chT"]
[Site "Slovenia"]
[Date "1994.??.??"]
[Round "?"]
[White "Ciglic, Boris"]
[Black "Novacan, Marko"]
[Result "1-0"]
[WhiteElo "2185"]
[BlackElo "2290"]
[PlyCount "127"]
[EventDate "1994.??.??"]
[EventType "team"]
[EventRounds "7"]
[EventCountry "SLO"]
[SourceTitle "EXT 1998"]
[Source "ChessBase"]
[SourceDate "1997.11.17"]
[SourceVersion "1"]
[SourceVersionDate "1997.11.17"]
[SourceQuality "1"]

1. Nf3 d6 2. d4 Bg4 3. Qd3 Nc6 4. d5 Nb8 5. h3 Bd7 6. e4 e5 7. dxe6 fxe6 8. Bg5 Be7 9. Bxe7 Nxe7 10. Qb3 Nbc6 11. Nbd2 Ng6 12. h4 Qf6 13. g3 0-0 14. 0-0-0 Kh8 15. h5 Nge5 16. Nxe5 Nxe5 17. f4 Nf7 18. Nf3 Bc6 19. Qe3 e5 20. f5 Qh6 21. Qxh6 Nxh6 22. Bd3 Nxf5 23. Ng5 Ne3 24. Rde1 Ng4 25. Rhf1 Nf2 26. Ne6 Nxd3+ 27. cxd3 Rxf1 28. Rxf1 Bd7 29. Nxc7 Rc8 30. Kd2 h6 31. Nd5 Be6 32. Ne7 Re8 33. Nf5 Rd8 34. Rc1 d5 35. Ke3 dxe4 36. dxe4 Kg8 37. a3 Kf7 38. Rc7+ Rd7 39. Nd6+ Kf6 40. Rxd7 Bxd7 41. Nxb7 Bg4 42. b4 Ke7 43. Na5 Kd6 44. Nc4+ Ke6 45. b5 Bd1 46. Kd2 Ba4 47. b6 axb6 48. Nxb6 Be8 49. g4 Kd6 50. Nd5 Bc6 51. Ke3 Bd7 52. Kf3 Ke6 53. Nb6 Bb5 54. a4 Ba6 55. Nd5 Kd6 56. Ne3 Ke6 57. Nd5 Kd6 58. a5 Bc8 59. Ne3 Ke6 60. Nf5 Kf6 61. Nd6 Ba6 62. Ne8+ Kf7 63. Nc7 Bb7 64. a6 1-0

[Event "SLO-chT"]
[Site "Slovenia"]
[Date "1994.??.??"]
[Round "?"]
[White "Novacan, Marko"]
[Black "Brcar, Andrej"]
[Result "0-1"]
[WhiteElo "2290"]
[BlackElo "2130"]
[PlyCount "72"]
[EventDate "1994.??.??"]
[EventType "team"]
[EventRounds "7"]
[EventCountry "SLO"]
[SourceTitle "EXT 1998"]
[Source "ChessBase"]
[SourceDate "1997.11.17"]
[SourceVersion "1"]
[SourceVersionDate "1997.11.17"]
[SourceQuality "1"]

1. d4 Nf6 2. c4 d6 3. Nc3 Nbd7 4. e4 e5 5. Nf3 Be7 6. Be2 c6 7. 0-0 0-0 8. h3 Qc7 9. Be3 Re8 10. Qc2 a6 11. Rab1 Bf8 12. Rfc1 b6 13. b4 Bb7 14. d5 Rec8 15. Qb3 Rab8 16. Rc2 cxd5 17. exd5 b5 18. cxb5 Bxd5 19. b6 Bxb3 20. bxc7 Bxc2 21. cxb8Q Nxb8 22. Bd2 Bxb1 23. Nxb1 Rc2 24. Nc3 e4 25. Bd1 Rb2 26. Bc1 Rxb4 27. Nd2 Rb7 28. Bb3 Re7 29. Ba3 Re8 30. Ba4 Rd8 31. Bb4 d5 32. Ba5 Rc8 33. Ne2 Bc5 34. Nb3 Ba7 35. Ned4 Bxd4 36. Nxd4 Rc4 0-1

[Event "AUT-chT2S 9394"]
[Site "Austria"]
[Date "1994.??.??"]
[Round "?"]
[White "Novacan, Marko"]
[Black "Kaspret, Guido"]
[Result "0-1"]
[WhiteElo "2320"]
[BlackElo "2315"]
[PlyCount "74"]
[EventDate "1993.??.??"]
[EventType "team"]
[EventRounds "11"]
[EventCountry "AUT"]
[SourceTitle "EXT 1998"]
[Source "ChessBase"]
[SourceDate "1997.11.17"]
[SourceVersion "1"]
[SourceVersionDate "1997.11.17"]
[SourceQuality "1"]

1. d4 Nf6 2. Nf3 e6 3. c4 b6 4. g3 Ba6 5. Nbd2 c6 6. Bg2 d5 7. cxd5 cxd5 8. Ne5 Be7 9. 0-0 0-0 10. Re1 Bb7 11. Qa4 Nfd7 12. Ndf3 a6 13. Bf4 b5 14. Qb3 Nb6 15. Qc2 g5 16. Bxg5 f6 17. Bh6 fxe5 18. Bxf8 Bxf8 19. Nxe5 N8d7 20. Nxd7 Qxd7 21. e3 b4 22. Rac1 Bd6 23. Qe2 a5 24. Qg4+ Kh8 25. e4 Rg8 26. Qe2 Nc4 27. Bh3 Qg7 28. e5 Bb8 29. Bxe6 Re8 30. Bg4 Ba7 31. Rcd1 Nxb2 32. Bh5 Nxd1 33. Bxe8 Nc3 34. Qd2 Ne4 35. Qd3 Qf8 36. f3 Qxe8 37. fxe4 dxe4 0-1